Fray perico y su borrico / (Registro nro. 6943)
[ vista simple ]
| 000 -LEADER | |
|---|---|
| fixed length control field | 01432nam a22003377a 4500 |
| 003 - CONTROL NUMBER IDENTIFIER | |
| control field | OSt |
| 005 - DATE AND TIME OF LATEST TRANSACTION | |
| control field | 20250710144532.0 |
| 008 - FIXED-LENGTH DATA ELEMENTS--GENERAL INFORMATION | |
| fixed length control field | 201020s2003 sp a|||br|||| 01| fdspa d |
| 020 ## - INTERNATIONAL STANDARD BOOK NUMBER | |
| International Standard Book Number | 8434894092 |
| 040 ## - CATALOGING SOURCE | |
| Original cataloging agency | CO-JMCR |
| Transcribing agency | CO-JMCR |
| 041 0# - LANGUAGE CODE | |
| Language code of text/sound track or separate title | spa |
| 082 04 - DEWEY DECIMAL CLASSIFICATION NUMBER | |
| Classification number | N |
| Item number | MUÑf |
| Edition number | 23 |
| 100 1# - MAIN ENTRY--PERSONAL NAME | |
| Personal name | Muñoz Martín, Juan, |
| Relator term | autor |
| 9 (RLIN) | 11726 |
| 245 10 - TITLE STATEMENT | |
| Title | Fray perico y su borrico / |
| Statement of responsibility, etc. | Juan Muñoz Martín ; ilustraciones de Antonio Tello |
| 250 ## - EDITION STATEMENT | |
| Edition statement | Cuadragésima sexta edición |
| 260 ## - PUBLICATION, DISTRIBUTION, ETC. | |
| Place of publication, distribution, etc. | Madrid : |
| Name of publisher, distributor, etc. | Ediciones SM, |
| Date of publication, distribution, etc. | 2003 |
| 300 ## - PHYSICAL DESCRIPTION | |
| Extent | 124 páginas : |
| Other physical details | ilustraciones a blanco y negro ; |
| Dimensions | 19 cm. |
| 490 0# - SERIES STATEMENT | |
| Series statement | El barco de vapor. Serie naranja ; |
| Volume/sequential designation | 1 |
| 490 0# - SERIES STATEMENT | |
| Series statement | Colección fray perico |
| 500 ## - GENERAL NOTE | |
| General note | Incluye datos biográficos del autor. |
| 520 3# - SUMMARY, ETC. | |
| Summary, etc. | Esto eran veinte Frailes, en un antiguo convento cerquita de Salamanca, cabeza rapada, barba muy blanca y hábito remendado, caminaban en fila por los inmensos claustros...<br/>La irrupción de Fray Perico y su borrico va a trastornar la tranquila vida del convento. |
| 521 ## - TARGET AUDIENCE NOTE | |
| Target audience note | A Partir de 9 años. |
| 586 ## - AWARDS NOTE | |
| Awards note | Premio El Barco de Vapor 1979 |
| 650 14 - SUBJECT ADDED ENTRY--TOPICAL TERM | |
| Topical term or geographic name entry element | Literatura infantil española |
| Chronological subdivision | Siglo XX |
| 9 (RLIN) | 11727 |
| 650 14 - SUBJECT ADDED ENTRY--TOPICAL TERM | |
| Topical term or geographic name entry element | Literatura española |
| Chronological subdivision | Siglo XX |
| 9 (RLIN) | 8517 |
| 650 24 - SUBJECT ADDED ENTRY--TOPICAL TERM | |
| Topical term or geographic name entry element | Frailes en la literatura |
| 9 (RLIN) | 11728 |
| 650 24 - SUBJECT ADDED ENTRY--TOPICAL TERM | |
| Topical term or geographic name entry element | Conventos en la literatura |
| 9 (RLIN) | 11729 |
| 650 24 - SUBJECT ADDED ENTRY--TOPICAL TERM | |
| Topical term or geographic name entry element | Asnos en la literatura |
| 9 (RLIN) | 11730 |
| 700 1# - ADDED ENTRY--PERSONAL NAME | |
| Personal name | Tello, Antonio, |
| Relator term | ilustrador |
| 9 (RLIN) | 11731 |
| 942 ## - ADDED ENTRY ELEMENTS (KOHA) | |
| Source of classification or shelving scheme | Dewey Decimal Classification |
| Koha item type | Books |
| Withdrawn status | Lost status | Source of classification or shelving scheme | Damaged status | Not for loan | Collection code | Home library | Current library | Date acquired | Source of acquisition | Total Checkouts | Full call number | Barcode | Date last seen | Date last checked out | Copy number | Price effective from | Koha item type | Public note |
|---|---|---|---|---|---|---|---|---|---|---|---|---|---|---|---|---|---|---|
| Dewey Decimal Classification | Fiction | Biblioteca Pública José María del Castillo y Rada | Biblioteca Pública José María del Castillo y Rada | 10/02/2020 | Donación | 2 | N MUÑf | 201810037 | 06/20/2025 | 06/19/2025 | Ej.1 | 10/20/2020 | Books | Exilibris: Nota en la portada "Ma. Daniela de la Rosa.3D" |